Les Langues du Monde - Statistiques

Statistiques générales
  • Ce quiz a été pris 56 fois
    48 depuis la dernière actualisation
  • Le résultat moyen est 9 sur 21
Statistiques - réponses
Question Réponse % Correct
Dans quelle pays le portugais n’est-il pas une language officielle? Madagascar
78%
Lequel des langues suivants n’est pas l’une des six langues officielles de l’ONU? Hindi
76%
Quelle était la langue officielle de Yougoslavie? Serbo-croate
74%
Quelle langue a été créée pour être une lingua franca internationale en 1887? Esperanto
67%
Lequel n’est pas un dialecte du chinois? Laotien
61%
Quel pays correspond correctement à sa langue officielle? Saint-Marin- italien
59%
Lequel des choix suivants n’est pas un système d’écriture japonais? Hangûl
57%
Quelle était la langue de Jesus? Araméen
50%
Que signife la phrase allemagne “Entschuldigung” en français? Excusez-moi
50%
Dans quelle pays l’arabe n’est-il pas une language officielle? Iran
48%
Laquelle de ces expressions ne se traduit pas par “au revoir”? Cool hat!
46%
Dans quelle pays le français n’est-il pas une language officielle? Algérie
37%
Quelle langue n’utilise pas l’écriture cyrillique? Albanais
35%
Laquelle des langues suivantes est originaire d’Asie? Kannada
35%
Lequel n’est pas un dialecte du persan? Pachto
35%
Parmi les 5 langues officielles d’Éthiopie, laquelle est la plus parlée? Amharique
30%
Dans quelle famille linguistige peut-on trouve le finnois? Ouralique
28%
Quel système d’écriture ancien n’a pas été discouvert sur la Pierre de Rosette? Cunéiforme
26%
Ou le tamoul est-il une langue officiale? Singapour et Sri Lanka
22%
Dans quelle pays l’anglais n’est-il pas une language officielle? Australie
9%
Dans quelle pays l’espagnol n’est-il pas une language officielle? Mexique
4%
Aucun quiz correspondant
Distribution des résultats
% des personnes avec chaque résultat
Percentile par nombre de réponses
Votre historique - résultats
Vous n’avez pas pris ce quiz depuis la dernière actualisation